LEADER 00752nam0-22002891i-450- 001 990001636990403321 005 20050401075734.0 035 $a000163699 035 $aFED01000163699 035 $a(Aleph)000163699FED01 035 $a000163699 100 $a20030910d1908----km-y0itay50------ba 101 0 $aeng 200 1 $a<>book of Alfalfa$fF.D. Coburn 210 $aNew York$cOrange Judd Company$d1908. 215 $aXI, 344 p.$d23 cm 610 0 $aGraminales 610 0 $aAlfalfa 676 $a584.9 700 1$aCoburn,$bF.D.$0353428 801 0$aIT$bUNINA$gRICA$2UNIMARC 901 $aBK 912 $a990001636990403321 952 $a60 584.9 B 1$b6308$fFAGBC 959 $aFAGBC 996 $aBook of Alfalfa$9367569 997 $aUNINA LEADER 01571nas 2200493-a 450 001 996212676903316 005 20220226213023.0 011 $a1557-6841 035 $a(DE-599)ZDB2278871-2 035 $a(OCoLC)62161976 035 $a(CKB)110978978552127 035 $a(CONSER)--2006249195 035 $a(EXLCZ)99110978978552127 100 $a20051027b19842008 s-- a 101 0 $aeng 135 $aur||||||||||| 181 $ctxt$2rdacontent 182 $cc$2rdamedia 183 $acr$2rdacarrier 200 10$aJournal of synthetic lubrication 210 $a[Kent, England] $c[Leaf Coppin Pub.] 210 3 $a[West Sussex, U.K.] $cJohn Wiley & Sons 300 $aRefereed/Peer-reviewed 311 $a0265-6582 517 3 $aJ. synthetic lubrication 517 3 $aSynthetic lubrication 531 $aJ SYNTH LUBR 531 $aJOURNAL OF SYNTHETIC LUBRICATION RESEARCH DEVELOPMENT AND APPLICATION OF SYNT 531 0 $aJ. synth. lubr. 606 $aLubrication and lubricants$vPeriodicals 606 $aLubrication systems$vPeriodicals 606 $aLubrication and lubricants$2fast$3(OCoLC)fst01003341 606 $aLubrication systems$2fast$3(OCoLC)fst01003356 608 $aPeriodicals.$2fast 610 $aSynthetic lubricants 615 0$aLubrication and lubricants 615 0$aLubrication systems 615 7$aLubrication and lubricants. 615 7$aLubrication systems. 676 $a621.89 906 $aJOURNAL 912 $a996212676903316 996 $aJournal of synthetic lubrication$92091496 997 $aUNISA